Algorithms (Record no. 241000)

MARC details
000 -LEADER
fixed length control field 00649nam a22002177a 4500
005 - DATE AND TIME OF LATEST TRANSACTION
control field 20260306100946.0
008 - FIXED-LENGTH DATA ELEMENTS--GENERAL INFORMATION
fixed length control field 260304b |||||||| |||| 00| 0 eng d
020 ## - INTERNATIONAL STANDARD BOOK NUMBER
International Standard Book Number 9789355325525
040 ## - CATALOGING SOURCE
Transcribing agency AL
041 ## - LANGUAGE CODE
Language code of text/sound track or separate title English
082 ## - DEWEY DECIMAL CLASSIFICATION NUMBER
Classification number 518.1
Item number DASA
100 ## - MAIN ENTRY--PERSONAL NAME
Personal name Sanjoy Dasgupta
100 ## - MAIN ENTRY--PERSONAL NAME
9 (RLIN) 257941
245 ## - TITLE STATEMENT
Title Algorithms
260 ## - PUBLICATION, DISTRIBUTION, ETC.
Place of publication, distribution, etc. Chennai
Name of publisher, distributor, etc. McGraw Hill Education(India) Private Limited
Date of publication, distribution, etc. 2025
300 ## - PHYSICAL DESCRIPTION
Extent x,320p.
Other physical details PB
Dimensions 24x18cm.
365 ## - TRADE PRICE
Price type code ABDI/0854/26
Price amount ₹667.50
Currency code
Unit of pricing ₹890.00
Price effective from 19-02-2026
Price note 25%
650 ## - SUBJECT ADDED ENTRY--TOPICAL TERM
Topical term or geographic name entry element Computer Algorithms
9 (RLIN) 257646
700 ## - ADDED ENTRY--PERSONAL NAME
Personal name Papadimitriou, Christos
9 (RLIN) 257643
700 ## - ADDED ENTRY--PERSONAL NAME
Personal name Vazirani,Umesh
9 (RLIN) 257644
942 ## - ADDED ENTRY ELEMENTS (KOHA)
Source of classification or shelving scheme Dewey Decimal Classification
Koha item type Book
Holdings
Withdrawn status Lost status Source of classification or shelving scheme Damaged status Not for loan Collection code Home library Current library Date acquired Source of acquisition Cost, normal purchase price Total Checkouts Full call number Barcode Date last seen Cost, replacement price Price effective from Koha item type
    Dewey Decimal Classification     Computer Science and Engineering St Aloysius Engineering Library St Aloysius Engineering Library 03/03/2026 Academic Book Distributors, Bengaluru-562159 667.50   518.1 DASA SE000239 03/04/2026 890.00 02/19/2026 Book
    Dewey Decimal Classification     Computer Science and Engineering St Aloysius Engineering Library St Aloysius Engineering Library 03/03/2026 Academic Book Distributors, Bengaluru-562159 667.50   518.1 DASA SE000238 03/04/2026 890.00 02/19/2026 Book